000 00985nam a2200301 a 4500
001 C01498037c-X
003 CO-ViMGA
005 20230915233139.0
008 150915s2014 ag gr 000 0 spa d
020 _a9789876122672
040 _aCO-ViMGA
_bspa
_cCO-ViMGA
041 1 _heng
043 _an-us---
082 0 4 _a813.928
_bD18m
_219
100 1 _aDashner, James,
_d1972-
_94206
245 1 0 _aMaze Runner :
_bcorrer o morir /
_cJames Dashner ; traducción Silvina Poch.
260 _aBuenos Aires :
_bV & R Editoras,
_c2014.
300 _a368 p. ;
_c19 cm.
534 _pTítulo original :
_tThe Maze runner.
650 1 4 _aAmnesia
_v Novela.
_94208
650 1 4 _aCooperación (Psicología)
_v Novela.
_94209
650 1 4 _aLaberintos
_v Novela.
_94210
650 1 4 _aLiteratura juvenil estadounidense
_94207
650 1 4 _aNovela de ciencia ficción.
_92236
650 1 4 _aNovela estadounidense.
_92233
700 1 _aPoch, Silvina,
_etraductora.
_94211
942 _2ddc
_cBK
999 _c35698
_d35698